| 000 | 01404nam a2200349 a 4500 | ||
|---|---|---|---|
| 001 | ebr10022456 | ||
| 003 | CaPaEBR | ||
| 006 | m u | ||
| 007 | cr cn||||||||| | ||
| 008 | 010803s2002 enka sb 001 0 eng | ||
| 010 | _z 2001044538 | ||
| 020 | _z1853595713 (hbk.) | ||
| 020 | _z1853595705 (pbk.) | ||
| 040 |
_aCaPaEBR _cCaPaEBR |
||
| 035 | _a(OCoLC)52856426 | ||
| 050 | 1 | 4 |
_aP115.2 _b.L35 2002eb |
| 082 | 0 | 4 |
_a404/.2/083 _221 |
| 245 | 0 | 0 |
_aLanguage and literacy in bilingual children _h[electronic resource] / _cedited by D. Kimbrough Oller and Rebecca E. Eilers. |
| 260 |
_aClevedon, England ; _aBuffalo : _bMultilingual Matters, _cc2002. |
||
| 300 |
_avii, 310 p. : _bill. |
||
| 490 | 1 |
_aChild language and child development ; _v2 |
|
| 504 | _aIncludes bibliographical references (p. 293-307) and index. | ||
| 533 |
_aElectronic reproduction. _bPalo Alto, Calif. : _cebrary, _d2013. _nAvailable via World Wide Web. _nAccess may be limited to ebrary affiliated libraries. |
||
| 650 | 0 | _aBilingualism in children. | |
| 650 | 0 |
_aChildren _xLanguage. |
|
| 655 | 7 |
_aElectronic books. _2local |
|
| 700 | 1 | _aOller, D. Kimbrough. | |
| 700 | 1 | _aEilers, Rebecca E. | |
| 710 | 2 | _aebrary, Inc. | |
| 830 | 0 |
_aChild language and child development ; _v2. |
|
| 856 | 4 | 0 |
_uhttp://site.ebrary.com/lib/rucke/Doc?id=10022456 _zAn electronic book accessible through the World Wide Web; click to view |
| 999 |
_c9414 _d9414 |
||